000 nam a22 a 4500
999 _c134852
_d134852
003 BLK
005 20201208093450.0
008 180409b bul|||||r ||||||| ||bul||
010 _aKNG00140772000
020 _a978-954-28-0868-8
040 _aBLK
041 _aBUL
_cBUL
072 7 _2bullib
_aН84
_xБългарска художествена литература Н
080 _aБългарска литература
_b821.163.2
_x-94
_z821.163.2-94
100 1 _aЛхамсурен, Филип
_eпърви автор
_990017
139 _aЛхамсурен, Филип
_bЛ 92
245 1 0 _aДушата на човека
_cФилип Лхамсурен.
257 _aBGR
260 _bСиела Софт енд Паблишинг
_c2011
_aСофия
300 _a174 с., 8 л.
_bил.
_c21 см
380 _aX
500 _aСъдържа и за авт.
653 _aмемоари
653 _aдневници
659 _aН
852 _aЦб 258755
856 4 _qpdf
856 4 _qpdf
942 _cKNG
_n0
_05
_s1
944 _aCR
_c14.03.2013
_kНаталия_Медовщикова
944 _aED
_c30.01.2018
_kПенка_Димитрова
999 _d134852
999 _d134852